00225nam a2200097Ia 4500008004100000100001600041245002800057260002600085300000800111650000800119191201s2006 xx 000 0 und d aSHARMA, A K 0aInternational Economics aN. DelhibAnmolc2006 a376 aMBA